Response of growth and productivity of leek (Allium porrum L.) to nitrogen and potassium fertilization (Record no. 43304)
[ view plain ]
| 000 -LEADER | |
|---|---|
| fixed length control field | 02387cab a2200313Ia 45 0 |
| 001 - CONTROL NUMBER | |
| control field | u188437 |
| 003 - CONTROL NUMBER IDENTIFIER | |
| control field | SIRSI |
| 008 - FIXED-LENGTH DATA ELEMENTS--GENERAL INFORMATION | |
| fixed length control field | 101228s2006 ua ss b eng d |
| 040 ## - CATALOGING SOURCE | |
| Original cataloging agency | EAL |
| 041 ## - LANGUAGE CODE | |
| Language code of text/sound track or separate title | eng |
| Language code of summary or abstract | ara |
| 090 ## - LOCALLY ASSIGNED LC-TYPE CALL NUMBER (OCLC); LOCAL CALL NUMBER (RLIN) | |
| Classification number (OCLC) (R) ; Classification number, CALL (RLIN) (NR) | ART AASM V44 No3 26 |
| 100 1# - MAIN ENTRY--PERSONAL NAME | |
| Personal name | EI-Masry, T. A. |
| 240 10 - UNIFORM TITLE | |
| Uniform title | Annals of agricultural science, Moshtohor, 2006 v.44 (3) |
| Medium | [electronic resource]. |
| 245 10 - TITLE STATEMENT | |
| Title | Response of growth and productivity of leek (Allium porrum L.) to nitrogen and potassium fertilization |
| Medium | [electronic resource]. |
| 246 15 - VARYING FORM OF TITLE | |
| Title proper/short title | استجابة النمو والقدرة الإنتاجية للكرات للتسميد النتروجينى والبوتاسى. |
| 300 ## - PHYSICAL DESCRIPTION | |
| Extent | p.1181-1206. |
| 504 ## - BIBLIOGRAPHY, ETC. NOTE | |
| Bibliography, etc. note | Includes references. |
| 520 ## - SUMMARY, ETC. | |
| Summary, etc. | The effect of nitrogen and potassium fertilizer on leek was evaluated through two field experiments during the two the successive growing seasons of 200312004 and 2004/2005 at a private fann, Tamiya, Faypum Governorate, Egypt. To verify this objective, leek" cv. Cleopatra" was grown and treated with nitrogen fertilizer at rates of 100, 150,200 and 250 Kg N fed⁻¹ as soil application of ammonium nitrate (33.5%N) or urea (46%N). Potassium sulphate (48% K20) was used as the respective K source. Nitrogen treatments were applied in 4 equal applications; 25% of the quantity was spread on the rows before transplanting and the rest amount was added at 30, 50 and 70 days from transplanting. Treatments comprised 2 levels of K; 48 and 96 Kg K20 fed:1 at two equal doses; 50 and 70 days from transplanting. Data of growth characters; plant height, No. of leaves plant⁻¹ , fresh and dry weight of leaves planrl fresh and dry weight ofbulb plant⁻¹ and total fresh and dry weight planr⁻¹ were estimated. Also, total yield (ton fed⁻¹), and some chemical constituents;leaf pigments; total chlorophyll and carotenoids, nitrogen, phosphorus, potassium, nitrite and nitrate concentration of leek were estimated. |
| 546 ## - LANGUAGE NOTE | |
| Language note | Summary in Arabic. |
| 596 ## - | |
| -- | 1 |
| 650 #0 - SUBJECT ADDED ENTRY--TOPICAL TERM | |
| Topical term or geographic name entry element | Leek |
| General subdivision | Growth. |
| 650 #0 - SUBJECT ADDED ENTRY--TOPICAL TERM | |
| Topical term or geographic name entry element | Leek |
| General subdivision | Yields. |
| 650 #0 - SUBJECT ADDED ENTRY--TOPICAL TERM | |
| Topical term or geographic name entry element | Leek |
| General subdivision | Fertilizers. |
| 650 #0 - SUBJECT ADDED ENTRY--TOPICAL TERM | |
| Topical term or geographic name entry element | Potassium fertilizers. |
| 650 #0 - SUBJECT ADDED ENTRY--TOPICAL TERM | |
| Topical term or geographic name entry element | Nitrogen fertilizers. |
| 700 1# - ADDED ENTRY--PERSONAL NAME | |
| Personal name | Gadallah, F. M. |
| 773 0# - HOST ITEM ENTRY | |
| Title | Annals of Agricultural Science, Moshtohor. |
| Related parts | 2006.v.44(3) |
| International Standard Serial Number | 1110-0419 |
| Control subfield | nnas |
| Record control number | u183870 |
| 856 40 - ELECTRONIC LOCATION AND ACCESS | |
| Uniform Resource Identifier | <a href="http://nile.enal.sci.eg/EALE/2006/AASM/4406/3/1181.pdf">http://nile.enal.sci.eg/EALE/2006/AASM/4406/3/1181.pdf</a> |
| Public note | Full Text Article. |
| 942 ## - ADDED ENTRY ELEMENTS (KOHA) | |
| Koha item type | Articles |
| Source of classification or shelving scheme | Library of Congress Classification |
No items available.